|
|
|
|
| LEADER |
00000nam a22000007a 4500 |
| 005 |
20150813221015.0 |
| 007 |
cr|||| |||| |
| 008 |
150813s2015 es |||||s|||| 00||0 spa d |
| 020 |
|
|
|a 978-84-9085-372-6
|
| 035 |
|
|
|a 12811
|
| 040 |
|
|
|a vLex
|
| 090 |
|
|
|c 5545
|d 5545
|
| 100 |
1 |
|
|a Sǹchez Bravo, ℓlvaro A.
|
| 245 |
1 |
0 |
|a Derechos Humanos, Proteccin̤ Medioambiental y nuevos Retos Sociales
|h [Recurso electrn̤ico] /
|c ℓlvaro A. Sǹchez Bravo, Ana Garriga Domn̕guez
|
| 256 |
|
|
|a Servicio en ln̕ea
|
| 260 |
|
|
|a Madrid:
|b Dykinson,
|c 2015
|
| 300 |
|
|
|a 1 recurso electrn̤ico
|
| 506 |
1 |
|
|a Disponible solo en los productos indicados
|d vLex Global
|d vLex Global (Academic Edition, excluding Law Schools)
|d vLex Global (U.S. Academic Edition, Law Schools)
|d vLex Global (U.S. Academic Edition, excluding Law Schools)
|d vLex Global (Academic Edition, Law Schools)
|
| 650 |
0 |
4 |
|a Derecho Constitucional
|z Espaą
|
| 650 |
0 |
4 |
|a Derecho del Medio Ambiente
|z Espaą
|
| 700 |
1 |
|
|a Garriga Domn̕guez, Ana
|
| 740 |
0 |
|
|a vLex Libros (Servicio en ln̕ea)
|
| 856 |
4 |
0 |
|u http://vlex.com/source/derechos-humanos-proteccion-medioambiental-nuevos-retos-sociales-12811
|z Acceso restringido
|
| 942 |
|
|
|c BOOK
|
| 999 |
0 |
|
|a Constitutional Law
|
| 999 |
0 |
|
|a Environmental Law
|